[Event "POL-chT 2 Liga 2019"]
[Site "Poronin"]
[Date "2019.09.08"]
[Round "2.1"]
[White "Pakleza, Zbigniew"]
[Black "Panczyk, Krzysztof"]
[Result "1/2-1/2"]
[WhiteElo "2491"]
[BlackElo "2310"]
[Annotator "TA"]
[PlyCount "214"]
[EventDate "2019.09.07"]
[EventType "team-tourn"]
[EventCountry "POL"]
[SourceTitle "playchess.com"]
[Source "ChessBase"]
[SourceQuality "1"]

{[%evp 23,214,15,15,4,14,0,0,0,16,-8,0,0,0,-14,5,0,0,7,10,0,23,18,23,16,21,0,0,0,45,29,29,29,30,29,37,0,0,0,0,0,96,96,294,114,148,148,140,122,125,124,220,41,46,0,0,0,0,0,0,0,0,0,0,0,0,0,0,0,0,0,0,0,0,0,0,0,0,0,0,0,0,0,0,0,0,0,0,0,0,0,0,0,0,0,0,0,0,0,0,0,0,0,0,0,0,0,0,0,0,0,0,0,0,0,0,0,0,0,0,0,0,0,0,0,0,0,0,0,0,0,0,0,0,0,0,0,0,0,0,0,0,0,0,0,0,0,0,0,0,0,0,0,0,0,2,0,0,0,96,96,96,96,101,92,126,119,126,115,126,127,127,127,126,120,101,101,206,0,0,0,0,0,0,0,0,0,0,0,0,0,0,0,0]} 1. d4 Nf6 2. c4 e6 3. Nc3 d5 4. Bg5 Nbd7 5. e3 c6 6. Nf3 Qa5 7. Nd2 dxc4 8. Bxf6 Nxf6 9. Nxc4 Qc7 10. Be2 Be7 11. O-O O-O 12. Rc1 Rd8 13. Qb3 {D52: Queen's Gambit Declined: Cambridge Springs Variation} Bd7 14. Bf3 Be8 15. Rfd1 Nd5 16. Ne4 Rac8 17. g3 b6 18. a3 {[#]} Nf6 $146 ({Predecessor:} 18... Qb8 19. Qa2 Rc7 20. b4 c5 21. bxc5 bxc5 22. Nxc5 Bxc5 23. dxc5 {½-½ (23) Golod,V (2590)-Hansen,L (2562) Copenhagen 2000}) 19. Ncd2 Nxe4 20. Nxe4 c5 21. dxc5 Rxd1+ 22. Qxd1 bxc5 23. b4 c4 24. Nc5 Bb5 ({Much worse is} 24... Bxc5 $6 25. Rxc4 Qe7 26. Qc2 $16 (26. bxc5 Rxc5 27. Rb4 Rb5 $14)) 25. a4 Bxc5 (25... Bc6 {looks sharper.} 26. Be2 Bxc5 27. Rxc4 Bxb4 28. Rxb4 g6) 26. bxc5 Rd8 27. Qxd8+ Qxd8 28. axb5 $11 {[%mdl 4096] Endgame KQ-KRB} Qa5 29. Rxc4 (29. c6 $5 {[%cal Rc1c4]} Qxb5 30. Rd1 $14) 29... Qxb5 30. Rc1 Qb2 31. Rd1 {[%cal Rd1d8]} Kf8 (31... g5 $11) 32. c6 $16 {[%mdl 1024] aiming for c7. White has strong compensation.} Qb6 $2 (32... Qc3 $16) 33. Rc1 $2 (33. Rd7 $18 {is the precise move to win. Hoping for c7.} Ke8 34. Rb7) 33... Qc7 {[#]} 34. Rb1 $1 {[%cal Rb1b7] And now Rb7 would win.} Ke8 35. Rb7 Qd6 36. Rxa7 g5 (36... Qc5 $16 {keeps fighting.} 37. Rb7 Qe5) 37. c7 $2 (37. h4 $18 gxh4 38. gxh4) 37... Kd7 $14 38. Be2 Qb6 39. Ba6 Qb1+ 40. Kg2 Qe4+ 41. Kg1 Qb1+ 42. Bf1 Qb6 43. c8=Q+ (43. c8=B+ {with more complications.} Kxc8 44. Rxf7 Qb1 45. Re7 Qf5 46. Bc4) 43... Kxc8 44. Rxf7 Qb1 45. h3 Kd8 46. Rg7 h6 47. Rg8+ Ke7 48. Rh8 Qg6 $1 49. Be2 Kf6 50. Rb8 Qc2 51. Bg4 Qc1+ 52. Kg2 Qc6+ 53. Bf3 Qc7 54. Rb7 Qc4 55. Rd7 Qc2 56. Rd4 (56. Ra7 {is more complex.} Qf5 57. Bh5 Qe4+ 58. Kh2 Qc2 59. Rf7+) 56... Qc7 57. h4 gxh4 58. Rxh4 Kg7 59. Re4 Kf6 60. Rf4+ Kg7 61. Rg4+ Kf7 62. Be4 Qe5 63. Kf3 Qa1 {Threatens to win with ...Qd1+.} 64. Rh4 Kg7 65. Kg2 Qe5 66. Bf3 Qc3 67. Re4 Kf6 68. Kh2 Qc2 69. Rf4+ Kg7 70. Bh5 Qc5 71. Bg4 Qe5 72. Ra4 Qb2 73. Kg2 Qb7+ 74. Bf3 Qc7 75. Ra6 Qc4 76. Rc6 Qa2 77. e4 e5 78. Bg4 Qa4 79. Rc7+ Kf6 80. Bf5 h5 81. Rh7 Qd1 82. Rd7 Qe2 83. Rd6+ Kg7 84. Re6 Qb2 85. Rd6 Qe2 86. Rg6+ Kf7 87. Rb6 Kg7 88. Rb1 Kf6 89. Rh1 Kg5 90. Rh4 Qc2 {[#]} (90... Qd3 $11 {keeps the balance.}) 91. Bd7 $1 $16 Qc7 92. Be8 Qc3 93. Bxh5 Qb2 94. Bg4 Kf6 95. Bf5 Kf7 96. Rh7+ Kf6 97. Rh6+ Kf7 98. Re6 Kg7 99. g4 Qc3 (99... Qc1 $16) 100. Rd6 $2 (100. g5 $18) 100... Qc1 $1 $11 {The position is equal.} 101. Rd3 Kf6 102. Rh3 {Strongly threatening Rh5.} Kg5 $1 103. Rh8 Qc3 104. Rc8 Qa3 105. Rh8 Qc3 106. Rh3 Qd2 107. Rf3 Qe2 {Accuracy: White = 69%, Black = 69%.} 1/2-1/2

[Event "POL-chT 2 Liga 2019"]
[Site "Poronin"]
[Date "2019.09.08"]
[Round "2.2"]
[White "Myc, Marcin"]
[Black "Jakubiec, Artur"]
[Result "1/2-1/2"]
[WhiteElo "2287"]
[BlackElo "2472"]
[Annotator "TA"]
[PlyCount "80"]
[EventDate "2019.09.07"]
[EventType "team-tourn"]
[EventCountry "POL"]
[SourceTitle "playchess.com"]
[Source "ChessBase"]
[SourceQuality "1"]

{[%evp 13,80,25,104,68,73,75,77,80,85,75,91,82,97,91,201,201,203,193,225,196,202,135,117,102,265,213,189,185,192,67,70,70,123,0,0,0,0,0,0,0,0,0,0,0,11,14,46,0,0,0,0,0,0,-233,0,0,0,0,0,0,0,0,0,0,0,0,0,0,0]} 1. d4 Nf6 2. c4 d6 3. Nc3 g6 4. e4 Bg7 5. Nge2 O-O 6. Ng3 e5 7. d5 c5 (7... a5 $11 {remains equal.}) 8. Be2 {E70: King's Indian: Miscellaneous lines with 4 e4, including 5 Nge2 and 5 Bd3 0-0 6 Nge2} Na6 9. O-O Nc7 10. a3 {White is better.} Nd7 $146 ({Predecessor:} 10... Rb8 11. b4 Nfe8 12. Qc2 f5 13. exf5 Bxf5 14. Bd3 Qd7 15. Rb1 cxb4 16. axb4 b5 17. c5 dxc5 18. bxc5 b4 19. Bxf5 gxf5 20. d6 Na6 21. Qa2+ {1-0 (21) Narciso Dublan,M (2536)-Garcia Jimenez,F (2253) Santa Coloma 2013}) 11. Qc2 Qh4 12. b4 Na6 13. Rb1 h5 (13... Nc7 $16 {was worth a try.}) 14. Nb5 $18 Qe7 {[#]} 15. Bxh5 $1 Kh7 16. Bg4 Nb6 17. Bxc8 Rfxc8 18. Be3 Bh6 $2 (18... cxb4 $16 19. Bxb6 (19. axb4 Nxc4 20. Nxa7 Rc7 $14) 19... axb6) 19. bxc5 Nxc5 20. Bxh6 Kxh6 {[#]} 21. Nxa7 (21. f4 $1 $18) 21... Rxa7 $14 22. Rxb6 Kg7 ({Black should play} 22... Rca8 $14) 23. Qc1 (23. Qe2 $16) 23... Rca8 $11 24. Qc2 Rxa3 25. Rfb1 R8a6 26. R6b2 Qh4 27. f3 Qg5 28. Nf1 f5 29. exf5 gxf5 30. Qd2 (30. Qf2 {looks sharper.} Ra1 31. h4 Qg6 32. Qe1 R1a3 33. Qg3) 30... Kf6 31. Qxg5+ (31. Rb5 {with more complications.} Qxd2 32. Nxd2 Rc3 33. R5b2 Kg6 34. Rb6) 31... Kxg5 32. Nd2 Kf4 33. Nb3 $2 (33. h4 $11) 33... Nxb3 $2 (33... Nd3 $19 34. g3+ Kxf3 35. Rf1+ Ke3) 34. Rxb3 {The position is equal.} Rxb3 35. Rxb3 $19 {[%mdl 4096] Endgame Black must now prevent g3+. KR-KR} Ra1+ 36. Kf2 Ra2+ 37. Kf1 Ra1+ 38. Kf2 {Hoping for g3+.} Ra2+ 39. Kf1 {aiming for g3+.} e4 40. fxe4 fxe4 {Accuracy: White = 48%, Black = 51%.} 1/2-1/2

[Event "POL-chT 2 Liga 2019"]
[Site "Poronin"]
[Date "2019.09.08"]
[Round "2.3"]
[White "Tymrakiewicz, Rafal"]
[Black "Czapla, Andrzej"]
[Result "1-0"]
[WhiteElo "2257"]
[BlackElo "1993"]
[Annotator "NA"]
[PlyCount "79"]
[EventDate "2019.09.07"]
[EventType "team-tourn"]
[EventCountry "POL"]
[SourceTitle "playchess.com"]
[Source "ChessBase"]
[SourceQuality "1"]
[TimeControl "40/5400+30:1800+30"]

1. d4 {[%emt 0:00:00]} Nf6 {[%emt 0:00:00]} 2. Bg5 {[%emt 0:00:13]} d5 {[%emt 0:00:17]} 3. e3 {[%emt 0:00:56]} c6 {[%emt 0:02:40]} 4. Bd3 {[%emt 0:06:25]} Bg4 {[%emt 0:00:25]} 5. f3 {[%emt 0:03:26]} Bh5 {[%emt 0:00:01]} 6. Ne2 {[%emt 0:00:09]} Bg6 {[%emt 0:00:23]} 7. Nbc3 {[%emt 0:00:22]} Nbd7 {[%emt 0:00:57]} 8. Nf4 {[%emt 0:16:25]} Bxd3 {[%emt 0:00:37]} 9. Nxd3 {[%emt 0:00:14]} h6 {[%emt 0:01:46]} 10. Bh4 {[%emt 0:00:45]} Qb6 {[%emt 0:02:03]} 11. Na4 {[%emt 0:05:01]} Qa5+ {[%emt 0:01:45]} 12. c3 {[%emt 0:03:25]} e6 {[%emt 0:00:01]} 13. b4 {[%emt 0:02:19]} Qc7 {[%emt 0:00:02]} 14. Nac5 {[%emt 0:01:09]} Bd6 {[%emt 0:02:32]} 15. Qe2 {[%emt 0:07:06]} b6 {[%emt 0:04:34]} 16. Nxd7 {[%emt 0:00:53]} Nxd7 {[%emt 0:00:46]} 17. f4 {[%emt 0:05:44]} c5 {[%emt 0:05:04]} 18. O-O {[%emt 0:02:06]} O-O {[%emt 0:00:54]} 19. bxc5 {[%emt 0:10:03]} bxc5 {[%emt 0:00:31]} 20. Ne5 {[%emt 0:00:03]} Rab8 {[%emt 0:05:07]} 21. Qg4 {[%emt 0:05:06]} f5 {[%emt 0:15:09]} 22. Qg6 {[%emt 0:05:03]} Nf6 {[%emt 0:02:00]} 23. Rf3 {[%emt 0:00:52]} Rb7 {[%emt 0:03:53]} 24. Raf1 {[%emt 0:06:13]} Bxe5 {[%emt 0:02:40]} 25. fxe5 {[%emt 0:02:19]} Ne4 {[%emt 0:00:01]} 26. Qxe6+ {[%emt 0:01:24]} Qf7 {[%emt 0:00:11]} 27. Qxf7+ {[%emt 0:02:47]} Rfxf7 {[%emt 0:00:22]} 28. e6 {[%emt 0:00:36]} Rfc7 {[%emt 0:01:45]} 29. e7 {[%emt 0:01:23]} Rxe7 {[%emt 0:00:02]} 30. Bxe7 {[%emt 0:00:17]} Rxe7 {[%emt 0:00:03]} 31. Rxf5 {[%emt 0:01:06]} Nxc3 {[%emt 0:00:10]} 32. dxc5 {[%emt 0:02:21]} Rc7 {[%emt 0:00:21]} 33. Rf8+ {[%emt 0:01:40]} Kh7 {[%emt 0:00:01]} 34. R1f7 {[%emt 0:01:55]} Rxc5 {[%emt 0:00:13]} 35. Rxa7 {[%emt 0:00:22]} Ne4 {[%emt 0:00:31]} 36. h3 {[%emt 0:03:43]} Rc1+ {[%emt 0:00:20]} 37. Rf1 {[%emt 0:00:59]} Rc3 {[%emt 0:00:07]} 38. Rff7 {[%emt 0:00:22]} Rxe3 {[%emt 0:00:23]} 39. Rxg7+ {[%emt 0:00:28]} Kh8 {[%emt 0:00:01]} 40. Rge7 {[%emt 0:00:00]} 1-0

[Event "POL-chT 2 Liga 2019"]
[Site "Poronin"]
[Date "2019.09.08"]
[Round "2.4"]
[White "Lukasik, Adam"]
[Black "Szoen, Dariusz"]
[Result "0-1"]
[WhiteElo "1982"]
[BlackElo "2415"]
[Annotator "TA"]
[PlyCount "62"]
[EventDate "2019.09.07"]
[EventType "team-tourn"]
[EventCountry "POL"]
[SourceTitle "playchess.com"]
[Source "ChessBase"]
[SourceQuality "1"]

{[%evp 9,62,13,20,20,20,20,44,39,39,49,33,44,43,45,38,41,63,57,73,0,4,0,0,0,10,0,0,-11,-8,-27,-20,-93,-54,-108,-99,-162,-125,-226,-225,-306,-276,-358,-239,-420,-432,-403,-415,-404,-399,-421,-466,-642,-623,-685,-676]} 1. d4 d5 2. Nf3 Nc6 3. Bf4 Bf5 4. e3 e6 5. Bd3 Bg6 6. a3 {D02: 1 d4 d5 2 Nf3 sidelines, including 2...Nf6 3 g3 and 2...Nf6 3 Bf4} (6. O-O Bd6 7. Bg3 Nge7 8. c4 dxc4 9. Bxc4 Nf5 10. Nc3 Nxg3 11. hxg3 O-O 12. Bd3 Bh5 13. Qb1 {0-1 (64) Megaranto,S (2529)-Starostits,I (2467) Jurmala 2014}) 6... Bd6 7. Bg3 Nge7 $146 ({Predecessor:} 7... Nf6 8. Qe2 Ne7 9. Nbd2 O-O 10. Ne5 Nf5 11. Nxg6 hxg6 12. Bxd6 cxd6 13. f4 {0-1 (51) Quintanar,S-Paz,M (2247) Dos Hermanas 2003}) 8. c4 {White is slightly better.} dxc4 9. Bxc4 Nf5 10. Bxd6 Nxd6 11. Bd3 Qf6 12. Nc3 O-O-O 13. O-O e5 {Hoping for ...e4.} 14. dxe5 (14. Bxg6 $16 {And now Bd3 would win.} exd4 15. Nd5 (15. exd4 hxg6 16. Re1 Rhe8 $11) (15. Nxd4 Nxd4 16. Bxf7 Nxf7 $11) 15... Qxg6 16. Nxd4) 14... Nxe5 $11 15. Nxe5 Qxe5 16. Qe2 Rhe8 17. Rfd1 Bh5 18. g4 Bg6 19. h3 f5 20. Nd5 (20. Bc2 $11 {keeps the balance.}) 20... Kb8 21. Nf4 (21. Nc3 $15) 21... Bf7 $1 $17 22. g5 (22. gxf5 $17 Bb3 23. Bc2) 22... g6 23. Rac1 (23. Qc2 $17 {was called for.}) 23... Qe7 $1 $19 24. h4 {[#]} h6 $1 {[%mdl 512]} 25. Nh3 (25. gxh6 Qxh4) 25... hxg5 26. hxg5 $2 (26. Nxg5 Rh8 27. Nf3) 26... Rh8 27. Qf3 Rh4 28. Bf1 Rdh8 29. Bg2 Ne4 {Black is clearly winning.} ({Don't go for} 29... Qe5 $2 {[#]} 30. Rxd6 $1 {[%mdl 512]} c6 31. Rdxc6 $1 $18 {[%mdl 512]} (31. Qg3 Qxg3 32. fxg3 Rxh3 $18)) 30. Rd4 {[#]} Rxh3 $1 {[%mdl 512]} 31. Rxe4 (31. Qxh3 Rxh3) 31... fxe4 {Accuracy: White = 45%, Black = 81%.} 0-1

[Event "POL-chT 2 Liga 2019"]
[Site "Poronin"]
[Date "2019.09.08"]
[Round "2.5"]
[White "Gmaj, Krzysztof"]
[Black "Kurpiewski, Slawomir"]
[Result "1-0"]
[WhiteElo "2120"]
[BlackElo "1978"]
[Annotator "NA"]
[PlyCount "68"]
[EventDate "2019.09.07"]
[EventType "team-tourn"]
[EventCountry "POL"]
[SourceTitle "playchess.com"]
[Source "ChessBase"]
[SourceQuality "1"]
[TimeControl "40/5400+30:1800+30"]

1. e4 {[%emt 0:00:00]} e5 {[%emt 0:00:00]} 2. Nf3 {[%emt 0:00:00]} Nc6 {[%emt 0:00:00]} 3. Nc3 {[%emt 0:00:00]} Nf6 {[%emt 0:00:00]} 4. a3 {[%emt 0:00:00]} Be7 {[%emt 0:00:00]} 5. d4 {[%emt 0:00:00]} d6 {[%emt 0:00:05]} 6. h3 {[%emt 0:05:57]} O-O {[%emt 0:01:07]} 7. Be2 {[%emt 0:04:25]} Re8 {[%emt 0:00:28]} 8. O-O {[%emt 0:00:47]} h6 {[%emt 0:01:34]} 9. Be3 {[%emt 0:02:11]} Bf8 {[%emt 0:00:41]} 10. Qd3 {[%emt 0:12:12]} Qe7 {[%emt 0:18:21]} 11. dxe5 {[%emt 0:06:15]} Nxe5 {[%emt 0:06:40]} 12. Nxe5 {[%emt 0:00:45]} dxe5 {[%emt 0:00:20]} 13. Rad1 {[%emt 0:02:06]} c6 {[%emt 0:02:09]} 14. Bc1 {[%emt 0:07:01]} Be6 {[%emt 0:13:56]} 15. Qg3 {[%emt 0:01:03]} g6 {[%emt 0:01:51]} 16. Qxe5 {[%emt 0:01:08]} Nd7 {[%emt 0:00:34]} 17. Qg3 {[%emt 0:02:43]} Bg7 {[%emt 0:01:51]} 18. f4 {[%emt 0:02:52]} Bxc3 {[%emt 0:02:26]} 19. bxc3 {[%emt 0:03:28]} Kh7 {[%emt 0:05:23]} 20. f5 {[%emt 0:06:51]} gxf5 {[%emt 0:00:12]} 21. exf5 {[%emt 0:01:00]} Bd5 {[%emt 0:02:03]} 22. Bf3 {[%emt 0:19:07]} Bxf3 {[%emt 0:09:14]} 23. Qxf3 {[%emt 0:00:43]} Nf6 {[%emt 0:03:04]} 24. Qf4 {[%emt 0:01:06]} Ng8 {[%emt 0:09:49]} 25. f6 {[%emt 0:03:36]} Qc5+ {[%emt 0:02:20]} 26. Kh1 {[%emt 0:00:17]} Re6 {[%emt 0:00:52]} 27. Rd7 {[%emt 0:02:49]} Rf8 {[%emt 0:00:33]} 28. Qh4 {[%emt 0:06:02]} Qxc3 {[%emt 0:00:59]} 29. Bd2 {[%emt 0:04:30]} Qe5 {[%emt 0:06:45]} 30. Rf3 {[%emt 0:00:28]} Qa1+ {[%emt 0:02:45]} 31. Kh2 {[%emt 0:00:07]} Qe5+ {[%emt 0:00:02]} 32. Kg1 {[%emt 0:00:32]} Qa1+ {[%emt 0:01:40]} 33. Kf2 Rxf6 34. Qe4+ Kg7 {Rg3+ Kh8+ Rf3} 1-0

[Event "POL-chT 2 Liga 2019"]
[Site "Poronin"]
[Date "2019.09.08"]
[Round "2.6"]
[White "Waszczuk, Patrycja"]
[Black "Kubicka, Anna"]
[Result "0-1"]
[WhiteElo "2197"]
[BlackElo "2225"]
[Annotator "NA"]
[PlyCount "98"]
[EventDate "2019.09.07"]
[EventType "team-tourn"]
[EventCountry "POL"]
[SourceTitle "playchess.com"]
[Source "ChessBase"]
[SourceQuality "1"]
[TimeControl "40/5400+30:1800+30"]

1. e4 {[%emt 0:00:00]} c6 {[%emt 0:00:00]} 2. d4 {[%emt 0:00:00]} d5 {[%emt 0:00:00]} 3. Nd2 {[%emt 0:00:00]} dxe4 {[%emt 0:00:00]} 4. Nxe4 {[%emt 0:00:00]} Bf5 {[%emt 0:00:11]} 5. Ng3 {[%emt 0:00:00]} Bg6 6. f4 {[%emt 0:00:04]} e6 {[%emt 0:00:58]} 7. Nf3 {[%emt 0:00:06]} Nd7 {[%emt 0:01:32]} 8. Bd3 {[%emt 0:00:09]} Bxd3 {[%emt 0:00:26]} 9. Qxd3 {[%emt 0:00:06]} Bd6 {[%emt 0:14:26]} 10. Ne4 {[%emt 0:01:40]} Qc7 {[%emt 0:13:52]} 11. Ne5 {[%emt 0:06:13]} Ngf6 {[%emt 0:12:11]} 12. Nxd6+ {[%emt 0:00:14]} Qxd6 {[%emt 0:00:14]} 13. O-O {[%emt 0:00:11]} O-O {[%emt 0:01:51]} 14. b3 {[%emt 0:00:07]} Rfd8 {[%emt 0:03:31]} 15. Bb2 {[%emt 0:03:20]} c5 {[%emt 0:11:55]} 16. Rad1 {[%emt 0:00:22]} Rac8 {[%emt 0:06:09]} 17. c4 {[%emt 0:00:28]} cxd4 {[%emt 0:09:29]} 18. Bxd4 {[%emt 0:01:32]} Qc7 {[%emt 0:01:00]} 19. Qf3 {[%emt 0:07:17]} Nxe5 {[%emt 0:05:45]} 20. fxe5 {[%emt 0:00:40]} Ne8 {[%emt 0:01:05]} 21. Qe4 {[%emt 0:02:25]} b6 {[%emt 0:02:42]} 22. Rd3 {[%emt 0:04:58]} g6 {[%emt 0:07:48]} 23. Rdf3 {[%emt 0:01:01]} Rd7 {[%emt 0:02:01]} 24. Be3 {[%emt 0:00:47]} Ng7 {[%emt 0:01:03]} 25. g4 {[%emt 0:01:22]} Rcd8 {[%emt 0:03:03]} 26. Qf4 {[%emt 0:08:52]} Rd1 {[%emt 0:00:44]} 27. Qxf7+ {[%emt 0:02:33]} Qxf7 {[%emt 0:00:04]} 28. Rxf7 {[%emt 0:00:07]} Nf5 {[%emt 0:00:21]} 29. Bg5 {[%emt 0:03:05]} Kxf7 {[%emt 0:00:32]} 30. Bxd8 {[%emt 0:00:05]} Rxd8 {[%emt 0:00:29]} 31. gxf5 {[%emt 0:02:38]} exf5 {[%emt 0:00:15]} 32. Rf3 {[%emt 0:05:27]} Ke6 {[%emt 0:00:25]} 33. Re3 {[%emt 0:00:25]} f4 {[%emt 0:01:26]} 34. Re2 {[%emt 0:00:08]} g5 {[%emt 0:00:21]} 35. Kf2 {[%emt 0:00:35]} h5 {[%emt 0:00:31]} 36. b4 {[%emt 0:00:37]} Rd4 {[%emt 0:00:58]} 37. Rc2 {[%emt 0:00:18]} Kxe5 {[%emt 0:00:24]} 38. c5 {[%emt 0:00:09]} bxc5 {[%emt 0:00:18]} 39. Rxc5+ {[%emt 0:02:41]} Rd5 {[%emt 0:00:31]} 40. Rc2 {[%emt 0:00:00]} g4 {[%emt 0:00:00]} 41. a4 {[%emt 0:05:55]} Rd4 {[%emt 0:08:48]} 42. Rc5+ {[%emt 0:02:36]} Ke4 {[%emt 0:00:43]} 43. Rxh5 {[%emt 0:01:13]} Rxb4 {[%emt 0:01:04]} 44. Ra5 {[%emt 0:01:10]} Rb2+ {[%emt 0:00:46]} 45. Ke1 {[%emt 0:00:41]} Rxh2 {[%emt 0:01:10]} 46. Rxa7 {[%emt 0:00:42]} Ra2 {[%emt 0:00:48]} 47. a5 {[%emt 0:00:53]} g3 {[%emt 0:00:46]} 48. Rg7 {[%emt 0:01:13]} Rxa5 {[%emt 0:00:58]} 49. Kf1 {[%emt 0:00:52]} Ke5 0-1

[Event "POL-chT 2 Liga 2019"]
[Site "Poronin"]
[Date "2019.09.08"]
[Round "2.7"]
[White "Maciejczak, Jakub"]
[Black "Bobula, Mateusz"]
[Result "0-1"]
[WhiteElo "2383"]
[BlackElo "2326"]
[Annotator "TA"]
[PlyCount "128"]
[EventDate "2019.09.07"]
[EventType "team-tourn"]
[EventCountry "POL"]
[SourceTitle "playchess.com"]
[Source "ChessBase"]
[SourceQuality "1"]

{[%evp 16,128,40,43,51,45,32,43,40,43,52,37,28,33,49,27,55,46,56,52,72,72,93,63,50,50,85,78,85,82,72,58,88,65,73,53,64,31,36,0,73,0,41,0,62,65,76,71,239,239,232,224,503,511,516,469,477,223,204,226,185,0,0,0,169,0,0,0,8,6,8,8,8,8,2,4,7,0,17,0,7,8,12,0,0,0,0,2,8,-8,-8,-8,-11,-76,-90,-153,-151,-186,-193,-177,-181,-539,-516,-533,-512,-1449,-1405,-1510,-1000,-1008,-968,-843,-822,-6170,-5234]} 1. g3 d5 2. Bg2 c6 3. Nf3 Nf6 4. O-O g6 5. d4 Bg7 6. c4 O-O 7. Qb3 dxc4 8. Qxc4 Bg4 9. Nc3 Nbd7 {D73: Fianchetto Grünfeld: 5 Nf3} 10. Rd1 Bxf3 (10... Qa5 11. Qb3 Qb6 12. Qa3 Rfe8 13. Be3 a5 14. d5 Qb4 15. dxc6 bxc6 16. Nd4 Qxa3 17. bxa3 {1-0 (88) Artemiev,V (2665)-Aravindh,C (2543) Bhubaneswar 2016}) 11. Bxf3 e5 $146 {White is slightly better.} ({Predecessor:} 11... e6 12. e4 e5 13. dxe5 Nxe5 14. Rxd8 Nxc4 15. Rxa8 Rxa8 16. Be2 b5 17. Bxc4 bxc4 18. Bf4 Nd7 19. Rc1 h6 20. h4 Re8 21. f3 {½-½ (21) Petrosian,A (2480)-Dorfman,J (2520) Lvov 1988}) 12. Be3 exd4 13. Bxd4 Qe7 14. Qb3 Rfb8 15. Rd2 Ne8 16. Rad1 Bxd4 17. Rxd4 Ndf6 18. Ne4 Kg7 19. Qc3 Rd8 20. h4 Nxe4 21. Rxe4+ Qf6 22. Red4 Rxd4 23. Rxd4 Qe5 24. g4 Rc8 25. Qd2 h6 26. Re4 Qd6 27. Rd4 Qe5 $1 28. Re4 Qd6 29. Rd4 Qe5 $1 30. g5 $36 {[%mdl 2048] White has some pressure.} hxg5 31. hxg5 Nc7 $2 (31... Ra8 $16 {was necessary.}) 32. Re4 $1 $18 {[%cal Re4e5]} Qc5 33. b4 Qf5 $2 (33... Qd5 34. Qb2+ Kg8) 34. Qd4+ $1 Kg8 35. Rh4 {[%csl Gd4][%cal Rh4h8]} Qxg5+ 36. Kf1 (36. Bg2 $142 {[%csl Gd4][%cal Rh4h8]} f6 37. Qd7) 36... Qc1+ 37. Kg2 {[%csl Gd4][%cal Rh4h8][%mdl 1024] White has strong compensation.} Qg5+ 38. Kf1 {[%csl Gd4][%cal Rh4h8]} Qc1+ 39. Kg2 {[%csl Gd4][%cal Rh4h8]} Qg5+ {[#]} 40. Kh2 $2 (40. Kh3 $1 $18 {[%csl Gd4][%cal Rh4h8]} f6 41. Qxa7) 40... f6 $11 41. Rg4 Qe5+ 42. Qxe5 fxe5 43. Rxg6+ {[%mdl 4096] Endgame KRB-KRN} Kf7 44. Rh6 Rg8 45. a4 Rg7 46. e3 Ke7 47. Kh3 Ne6 48. Bg4 Nf8 49. Bf5 Rg1 {Threatens to win with ...Rh1+.} 50. Kh2 Ra1 51. a5 Ra4 52. Bc8 Rxb4 53. a6 b5 54. Bb7 (54. Rxc6 $11 {remains equal.} Rc4 55. Rxc4 bxc4 56. Kg2) 54... c5 $17 55. Rc6 {[#]} (55. Rh5 $142) 55... c4 $1 56. Rc7+ Kd6 57. Rc6+ Kd7 58. Rc5 $2 (58. Kg3) 58... Ne6 $19 {Black is clearly winning.} 59. Rd5+ Ke7 60. Rxe5 (60. Rd1 $142 Rb2 61. Bc8) 60... c3 61. Bd5 c2 {White must now prevent ...Kd6.} 62. Rxe6+ Kd7 63. Rc6 {[#]} Rc4 $1 {[%mdl 576] Deflection, Promotion} 64. Bxc4 (64. Rxc4 bxc4) 64... Kxc6 {Accuracy: White = 42%, Black = 59%.} 0-1

[Event "POL-chT 2 Liga 2019"]
[Site "Poronin"]
[Date "2019.09.08"]
[Round "2.8"]
[White "Kyc, Jerzy"]
[Black "Janaszak, Dawid"]
[Result "1/2-1/2"]
[WhiteElo "2309"]
[BlackElo "2351"]
[Annotator "NA"]
[PlyCount "106"]
[EventDate "2019.09.07"]
[EventType "team-tourn"]
[EventCountry "POL"]
[SourceTitle "playchess.com"]
[Source "ChessBase"]
[SourceQuality "1"]
[TimeControl "40/5400+30:1800+30"]

1. e4 {[%emt 0:00:00]} c5 {[%emt 0:00:00]} 2. Nf3 {[%emt 0:00:00]} Nc6 {[%emt 0:00:00]} 3. d4 {[%emt 0:00:00]} cxd4 {[%emt 0:00:00]} 4. Nxd4 {[%emt 0:00:00]} Nf6 {[%emt 0:00:15]} 5. Nc3 {[%emt 0:00:00]} e5 {[%emt 0:00:12]} 6. Ndb5 {[%emt 0:00:00]} d6 {[%emt 0:00:12]} 7. Bg5 {[%emt 0:00:00]} a6 {[%emt 0:00:09]} 8. Na3 {[%emt 0:00:01]} b5 {[%emt 0:00:09]} 9. Nd5 {[%emt 0:00:04]} Be7 {[%emt 0:00:09]} 10. Bxf6 {[%emt 0:00:11]} Bxf6 {[%emt 0:00:08]} 11. c3 {[%emt 0:00:06]} Bg5 {[%emt 0:00:29]} 12. Nc2 {[%emt 0:00:16]} Rb8 {[%emt 0:00:34]} 13. Be2 {[%emt 0:00:33]} O-O {[%emt 0:00:35]} 14. O-O {[%emt 0:00:06]} a5 {[%emt 0:01:13]} 15. Nce3 {[%emt 0:02:08]} Ne7 {[%emt 0:05:33]} 16. Nxe7+ {[%emt 0:05:47]} Qxe7 {[%emt 0:00:34]} 17. Nd5 {[%emt 0:00:01]} Qa7 {[%emt 0:01:42]} 18. Qc2 {[%emt 0:02:50]} Be6 {[%emt 0:04:17]} 19. Rfd1 {[%emt 0:10:01]} g6 {[%emt 0:07:05]} 20. a4 {[%emt 0:02:45]} bxa4 {[%emt 0:11:05]} 21. Rxa4 {[%emt 0:07:37]} f5 {[%emt 0:02:29]} 22. exf5 {[%emt 0:13:07]} Rxf5 {[%emt 0:06:45]} 23. Bg4 {[%emt 0:02:15]} Bxd5 {[%emt 0:27:41]} 24. Bxf5 {[%emt 0:00:34]} Bb3 {[%emt 0:01:28]} 25. Qxb3+ {[%emt 0:00:05]} Rxb3 {[%emt 0:00:02]} 26. Be6+ {[%emt 0:00:08]} Kg7 {[%emt 0:01:36]} 27. Bxb3 {[%emt 0:00:02]} Qb6 {[%emt 0:00:48]} 28. Bd5 {[%emt 0:04:06]} Qxb2 {[%emt 0:18:18]} 29. Rxa5 Bd8 {[%emt 0:00:58]} 30. Ra7+ {[%emt 0:01:09]} Kh6 {[%emt 0:01:47]} 31. Bg8 {[%emt 0:00:45]} Qc2 {[%emt 0:06:53]} 32. Rxh7+ {[%emt 0:00:27]} Kg5 {[%emt 0:00:01]} 33. h4+ {[%emt 0:00:41]} Kf5 {[%emt 0:00:02]} 34. Rf7+ {[%emt 0:03:19]} Bf6 {[%emt 0:00:11]} 35. Re1 {[%emt 0:13:12]} Qxc3 {[%emt 0:01:59]} 36. Re3 {[%emt 0:00:38]} Qa1+ {[%emt 0:00:11]} 37. Kh2 {[%emt 0:00:03]} e4 {[%emt 0:00:19]} 38. g4+ {[%emt 0:03:27]} Ke5 {[%emt 0:00:58]} 39. g5 {[%emt 0:00:18]} Bd8 {[%emt 0:00:27]} 40. Rd7 {[%emt 0:00:00]} Qf1 {[%emt 0:00:00]} 41. Rf7 {[%emt 0:15:05]} d5 {[%emt 0:01:39]} 42. Rg3 {[%emt 0:02:40]} d4 {[%emt 0:12:15]} 43. h5 {[%emt 0:06:07]} gxh5 {[%emt 0:05:42]} 44. Rg1 {[%emt 0:19:38]} Qe2 {[%emt 0:00:58]} 45. g6 {[%emt 0:06:05]} Bf6 {[%emt 0:04:48]} 46. Rg2 {[%emt 0:00:37]} Qf3 {[%emt 0:06:28]} 47. g7 {[%emt 0:05:55]} Qf4+ {[%emt 0:00:07]} 48. Kh1 {[%emt 0:00:05]} e3 {[%emt 0:02:21]} 49. Rxf6 {[%emt 0:02:15]} Kxf6 {[%emt 0:01:15]} 50. Bc4 {[%emt 0:01:23]} Qh4+ {[%emt 0:00:45]} 51. Kg1 {[%emt 0:00:03]} Qxf2+ {[%emt 0:00:58]} 52. Rxf2+ {[%emt 0:00:03]} exf2+ {[%emt 0:00:03]} 53. Kxf2 {[%emt 0:00:09]} Kxg7 {[%emt 0:00:02]} 1/2-1/2